000 00464nam a22001697a 4500
005 20250610101505.0
008 250610b |||||||| |||| 00| 0 eng d
020 _a39789384007324
050 _aQP 34.5 .K75 2015
_bC.2
100 _aKRISHNA A.P
245 _aTEXTBOOK OF MEDICAL PHYSIOLOGY
250 _a2ND ED.
260 _aDERALAKATTE, MANGALORE
_bMEDTEC
_c2015
300 _aXVI, 464P;ILL.
500 _aINCLUDES BIBLIOGRAPHY AND INDEX
942 _2lcc
_cBK
999 _c215638
_d215638